[Event " Herbert W. Gustafson Memorial Open, S47109"]
[Site "CCLA"]
[Date "2014.10.27"]
[Round "?"]
[White "Gomolka, Ed P."]
[Black "Hadley, Douglas R."]
[Result "0-1"]
[WhiteElo "1643"]
[BlackElo "1576"]

1. c4 e5 2. Nc3 Nf6 3. g3 d5 4. cxd5 Nxd5 5. Bg2 Nb6 6. Nf3 Nc6 7. O-O Be7
8. b3 O-O 9. Bb2 Re8 10. e4 Bg4 11. Qc2 Nb4 12. Qd1 Nd3 13. Rb1 c6 14. h3 
Bxf3 15. Bxf3 Nxb2 16. Rxb2 Bc5 17. Bg4 Qd4 18. Rc2 Rad8 19. d3 Qxd3 20. 
Qxd3 Rxd3 21. Kg2 Red8 22. Nd1 Be7 23. h4 Rd2 24. Ne3 Rxc2 25. Nxc2 Rd2 
26. Bd1 Bc5 27. a4 a5 28. Ne3 Bxe3 0-1

[Event "Premier Quad, S40389"]
[Site "CCLA"]
[Date "2014.11.24"]
[Round "?"]
[White "Pronovost, David"]
[Black "Sereni, Vincent T."]
[Result "0-1"]
[WhiteElo "1799"]
[BlackElo "2118"]

1. c4 e5 2. Nc3 Nc6 3. g3 Nf6 4. Bg2 Bc5 5. Nf3 d6 6. O-O Bf5 7. d3 h6 8. 
Re1 O-O 9. e4 Bg4 10. Be3 a5 11. Bxc5 dxc5 12. h3 Bxf3 13. Bxf3 Nd4 14. a4
Qd7 15. Kg2 Ra6 16. Ne2 Nxf3 17. Kxf3 Qxh3 18. Qb3 Ng4 19. Nc3 Rf6+ 20. 
Ke2 Rxf2+ 21. Kd1 Qxg3 22. Kc1 Rh2 23. Rd1 Nf2 24. Ra3 Nxd1 25. Nxd1 Rd8 
26. Kb1 Qe1 27. Ra1 Rh1 28. Ka2 Qf1 29. Qb5 Rxd3 30. Qe8+ Kh7 31. Qxe5 f6 
0-1

[Event "Herbert W. Gustafson Memorial Open, S47059"]
[Site "CCLA"]
[Date "2014.10.27"]
[Round "?"]
[White "Beavan, Robert"]
[Black "Beckett, Phillip J."]
[Result "1/2-1/2"]
[WhiteElo "1937"]
[BlackElo "2036"]

1. c4 e5 2. g3 Nf6 3. Bg2 d5 4. cxd5 Nxd5 5. Nc3 Nb6 6. Nf3 Nc6 7. O-O Be7
8. a3 O-O 9. b4 Be6 10. d3 f6 11. Ne4 Qd7 12. Bb2 Rfd8 13. Qc2 Bd5 14. Nc5
Qc8 15. d4 exd4 16. Rfd1 Bxc5 17. bxc5 Nc4 18. Nxd4 Bxg2 19. Kxg2 Nxb2 20.
 Nxc6 bxc6 21. Qxb2 Qf5 22. Rac1 Qe4+ 23. f3 Qe6 24. Rxd8+ Rxd8 25. Rb1 
Re8 26. e4 f5 27. Qb3 Qxb3 28. Rxb3 fxe4 29. Rb7 exf3+ 30. Kxf3 Re5 
1/2-1/2

[Event "Premier Quad, S40369"]
[Site "CCLA"]
[Date "2014.11.03"]
[Round "?"]
[White "Stevens, Daniel L."]
[Black "Sereni, Vincent T."]
[Result "0-1"]
[WhiteElo "1771"]
[BlackElo "2118"]

1. c4 e5 2. Nc3 Nc6 3. Nf3 Nf6 4. g3 Bb4 5. Bg2 O-O 6. O-O d6 7. d3 h6 8. 
Bd2 a5 9. a3 Bc5 10. Na4 Re8 11. Nxc5 dxc5 12. Be3 Qd6 13. Nd2 Nd4 14. f3 
a4 15. Bf2 Rd8 16. Re1 Bf5 17. b3 b6 18. bxa4 Bd7 19. Nb3 Bxa4 20. Bxd4 
exd4 21. Qb1 h5 22. Nd2 h4 23. Nf1 Re8 24. Qc1 h3 25. Bxh3 Bc6 26. Bg2 Ra6
27. Nd2 Ra4 28. Ra2 Qe6 29. e4 Rea8 30. e5 Nd7 31. f4 Bxg2 32. Kxg2 b5 33.
 Qb2 b4 34. Rea1 Qa6 35. Nb1 f6 36. exf6 Nxf6 37. h3 Re8 38. axb4 Qc6+ 39.
 Kf2 Qh1 40. Na3 Qxh3 41. bxc5 Qh2+ 42. Kf1 Qh1+ 0-1

[Event "Premier Quad, S40319"]
[Site "CCLA"]
[Date "2014.09.26"]
[Round "?"]
[White "Beavan, Robert"]
[Black "Laven, George"]
[Result "1/2-1/2"]
[WhiteElo "1937"]
[BlackElo "1834"]

1. c4 Nf6 2. g3 e5 3. Bg2 d5 4. cxd5 Nxd5 5. Nc3 Nb6 6. Nf3 Nc6 7. O-O Be7
8. a3 O-O 9. b4 Be6 10. Rb1 f6 11. d3 Nd4 12. Ne4 Nxf3+ 13. Bxf3 Bd5 14. 
Be3 f5 15. Nd2 c6 16. Bxd5+ Nxd5 17. Bc5 Bxc5 18. bxc5 b5 19. cxb6 axb6 
20. Qb3 Kh8 21. Nc4 Re8 22. e4 fxe4 23. dxe4 b5 24. Rfd1 bxc4 25. Qxc4 Ne3
26. fxe3 Qg5 27. Qc5 Qg6 28. Qb4 1/2-1/2

[Event "Herbert W. Gustafson Memorial Open, S47059"]
[Site "CCLA"]
[Date "2014.10.27"]
[Round "?"]
[White "Beavan, Robert"]
[Black "Clancey, James"]
[Result "1/2-1/2"]
[WhiteElo "1937"]
[BlackElo "2053"]

1. c4 e5 2. g3 Nf6 3. Bg2 d5 4. cxd5 Nxd5 5. Nc3 Nb6 6. Nf3 Nc6 7. O-O Be7
8. a3 O-O 9. b4 Be6 10. d3 a5 11. b5 Na7 12. Rb1 a4 13. Nxa4 Nxa4 14. Qxa4
c6 15. bxc6 Nxc6 16. Qb5 Ba2 17. Ra1 Bd5 18. Bd2 Ra6 19. e4 Be6 20. Be3 
Qc7 21. d4 exd4 22. Nxd4 Nxd4 23. Bxd4 Rxa3 24. Rxa3 Bxa3 25. Rb1 Bc4 26. 
Qb6 Qxb6 27. Bxb6 Re8 1/2-1/2

[Event "NA Class B Server Championship, S40119"]
[Site "CCLA"]
[Date "2014.04.30"]
[Round "?"]
[White "Disque, Philip"]
[Black "Zarges, Ron V."]
[Result "1/2-1/2"]
[WhiteElo "1669"]
[BlackElo "1651"]

1. Nf3 c5 2. c4 Nf6 3. Nc3 b6 4. g3 Bb7 5. Bg2 g6 6. O-O Bg7 7. d4 cxd4 8.
 Qxd4 Nc6 9. Qf4 Rc8 10. Rd1 O-O 11. Rb1 d6 12. b3 Nb8 13. Bb2 Nbd7 14. e4
a6 15. e5 Nxe5 16. Nxe5 Bxg2 17. Kxg2 dxe5 18. Qxe5 Qc7 19. Qxc7 Rxc7 20. 
Rd3 Rd7 21. Rxd7 Nxd7 22. Nd5 e6 23. Ne7+ Kh8 24. Ba3 Re8 25. Rd1 Nc5 26. 
Bxc5 bxc5 27. Rd7 f5 28. Ra7 Bc3 1/2-1/2

[Event "Open Server Series, S40039"]
[Site "CCLA"]
[Date "2014.01.31"]
[Round "?"]
[White "Disque, Philip"]
[Black "Shannon, Paul D."]
[Result "0-1"]
[WhiteElo "1669"]
[BlackElo "1832"]

1. Nf3 Nf6 2. c4 c5 3. Nc3 e6 4. g3 b6 5. Bg2 Bb7 6. O-O Be7 7. Re1 d6 8. 
e4 Nbd7 9. d4 cxd4 10. Nxd4 Qc7 11. Ndb5 Qc6 12. Nd5 a6 13. Nbc7+ Kf8 14. 
Nxa8 exd5 15. cxd5 Qc8 16. Nxb6 Nxb6 17. b3 h5 18. Bg5 Nbd7 19. Rc1 Qd8 
20. Qd4 Ng8 21. Bxe7+ Nxe7 22. Qa7 Bc8 23. Rc7 h4 24. Rec1 hxg3 25. hxg3 
g5 26. Qa8 Kg7 27. Rxc8 Nxc8 28. Qxa6 Nc5 29. Qe2 Ne7 30. b4 Nd7 31. Qe3 
Ng6 32. Rc6 Nde5 33. Qc3 Qf6 34. Rc7 g4 35. Kf1 Ra8 36. a3 Qd8 37. b5 Rxa3
38. Rxf7+ Kxf7 39. Qxa3 Qc7 40. Kg1 Ke7 41. Qb2 Qb6 42. Bf1 Nf3+ 43. Kg2 
Nge5 44. Qc1 Qd4 45. Qe3 Qxe3 46. fxe3 Nd2 47. Be2 Nxe4 48. b6 Kd8 49. Bb5
Nc5 50. Bc6 Ncd7 51. b7 Kc7 52. Ba4 Kxb7 53. Bc2 Kb6 54. Bf5 Nf6 55. e4 
Kc5 0-1

[Event "Premier Quad, S40389"]
[Site "CCLA"]
[Date "2014.11.24"]
[Round "?"]
[White "Pronovost, David"]
[Black "Beavan, Robert"]
[Result "1/2-1/2"]
[WhiteElo "1799"]
[BlackElo "1937"]

1. c4 c5 2. Nf3 Nf6 3. Nc3 e6 4. g3 b6 5. Bg2 Bb7 6. O-O Be7 7. d4 cxd4 8.
 Nxd4 Bxg2 9. Kxg2 O-O 10. e4 Qc7 11. Qe2 d6 12. Ndb5 Qd7 13. f4 a6 14. 
Nd4 Rc8 15. b3 b5 16. Bd2 Nc6 17. Nxc6 Qxc6 18. cxb5 axb5 19. Rfc1 b4 20. 
Nd5 Qb7 21. Nxe7+ Qxe7 22. Rc4 d5 23. exd5 Rxc4 24. bxc4 Qb7 25. Be1 exd5 
26. c5 1/2-1/2

[Event "Open Server Series, S40179"]
[Site "CCLA"]
[Date "2014.06.02"]
[Round "?"]
[White "Stidham, Douglas W."]
[Black "Disque, Philip"]
[Result "1/2-1/2"]
[WhiteElo "1825"]
[BlackElo "1669"]

1. d4 Nf6 2. Nf3 e6 3. c4 c5 4. g3 cxd4 5. Nxd4 Bb4+ 6. Bd2 Qb6 7. Bg2 Bc5
8. e3 Bxd4 9. exd4 Qxd4 10. O-O Qxc4 11. Bc3 d5 12. Na3 Qa6 13. Re1 O-O 
14. Rc1 Nc6 15. Bxf6 gxf6 16. Qg4+ Kh8 17. Qh4 Kg7 1/2-1/2

[Event "NA Class C Server Championship, S40129"]
[Site "CCLA"]
[Date "2014.04.30"]
[Round "?"]
[White "Sanchez, David A."]
[Black "Stroup, Jim"]
[Result "0-1"]
[WhiteElo "1471"]
[BlackElo "1768"]

1. d4 Nf6 2. c4 e6 3. g3 c5 4. Nf3 cxd4 5. Nxd4 d5 6. Bg2 e5 7. Nb5 a6 8. 
N5c3 d4 9. Ne4 Nxe4 10. Bxe4 Qc7 11. Qb3 Nd7 12. Nd2 Nc5 13. Qf3 Nxe4 14. 
Nxe4 Qxc4 15. Nd2 Qe6 16. O-O Bb4 17. a3 Be7 18. Ne4 f5 19. Ng5 Qg6 20. 
Qd5 Bxg5 21. Bxg5 Qxg5 22. Qxe5+ Qe7 23. Qxd4 O-O 24. Rfe1 Rd8 25. Qc4+ 
Be6 26. Qf4 Rac8 27. Rac1 Rxc1 28. Rxc1 Qd6 0-1

[Event "Continuous Server Series, S40019"]
[Site "CCLA"]
[Date "2014.01.20"]
[Round "?"]
[White "Sanchez, David A."]
[Black "Laven, George"]
[Result "0-1"]
[WhiteElo "1471"]
[BlackElo "1834"]

1. d4 Nf6 2. c4 e6 3. g3 c5 4. Nf3 cxd4 5. Nxd4 d5 6. Bg2 e5 7. Nb5 a6 8. 
N5c3 d4 9. Nd5 Nc6 10. O-O Be7 11. e3 O-O 12. exd4 Nxd5 13. cxd5 Nxd4 14. 
Re1 f6 15. Nc3 Bf5 16. Be4 Bxe4 17. Nxe4 Qxd5 18. Re3 f5 19. Nc3 Qc6 20. 
Rd3 Bc5 21. f4 Ne2+ 22. Kf1 e4 23. Rd5 Nxc3 24. bxc3 Rac8 25. Qb3 Kh8 0-1

[Event "Open Server Series, S40179"]
[Site "CCLA"]
[Date "2014.06.02"]
[Round "?"]
[White "Stidham, Douglas W."]
[Black "Ramsden, Jim E."]
[Result "1-0"]
[WhiteElo "1825"]
[BlackElo "1836"]

1. d4 Nf6 2. c4 e6 3. g3 c5 4. Nf3 cxd4 5. Nxd4 d5 6. Bg2 e5 7. Nf3 d4 8. 
O-O Nc6 9. e3 Bc5 10. exd4 Bxd4 11. Nxd4 Nxd4 12. Bg5 h6 13. Be3 O-O 14. 
Na3 Rb8 15. Bxd4 exd4 16. Nb5 d3 17. Qd2 a6 18. Nc3 Bf5 19. Rfe1 Qd7 20. 
Rad1 Rfe8 21. b3 b5 22. cxb5 axb5 23. b4 Rxe1+ 24. Rxe1 Re8 25. Rxe8+ Qxe8
26. Kf1 Ng4 27. h3 Ne5 28. Qe3 Kf8 29. f4 Nc4 30. Qxe8+ Kxe8 31. Bc6+ Ke7 
32. g4 Bd7 33. Bxb5 Bxb5 34. Nxb5 Kd7 35. Kf2 Kc6 36. Nc3 g6 37. Kf3 f5 
38. a4 Kb6 39. gxf5 gxf5 40. Nd5+ Ka6 41. Ne7 1-0

[Event "Herbert W. Gustafson Memorial Open, S47019"]
[Site "CCLA"]
[Date "2014.10.27"]
[Round "?"]
[White "Belanoff, Stuart"]
[Black "Edwards, K. E. D. G."]
[Result "1/2-1/2"]
[WhiteElo "2265"]
[BlackElo "2319"]

1. Nf3 c5 2. c4 Nf6 3. Nc3 Nc6 4. d4 cxd4 5. Nxd4 e6 6. Ndb5 d5 7. Bf4 e5 
8. cxd5 exf4 9. dxc6 bxc6 10. Qxd8+ Kxd8 11. O-O-O+ Bd7 12. Nd6 Bxd6 13. 
Rxd6 Ng4 14. Rd4 Nxf2 15. Rg1 Ng4 16. g3 Kc7 17. Bh3 h5 18. gxf4 Rad8 19. 
Rgd1 Bc8 20. Rxd8 Rxd8 21. Rxd8 Kxd8 22. Bxg4 Bxg4 23. Kd2 1/2-1/2

[Event "Herbert W. Gustafson Memorial Open, S47029"]
[Site "CCLA"]
[Date "2014.10.27"]
[Round "?"]
[White "Caliguire, John J."]
[Black "Anderson, Aaron J."]
[Result "1/2-1/2"]
[WhiteElo "2233"]
[BlackElo "2308"]

1. Nf3 c5 2. c4 Nf6 3. Nc3 d5 4. cxd5 Nxd5 5. e4 Nb4 6. Bc4 Nd3+ 7. Ke2 
Nf4+ 8. Kf1 Ne6 9. b4 cxb4 10. Nd5 g6 11. Rb1 Bg7 12. h4 h5 13. Nxb4 O-O 
14. d3 Qd6 15. Ba3 Nc6 16. Qc1 Nxb4 17. Bxb4 Qd7 18. a4 b6 19. Rh3 Bb7 20.
 Bb5 Qc8 21. Qd2 Nc5 22. Qe3 Ba6 23. Nd4 Bxb5 24. axb5 Bxd4 25. Qxd4 Rd8 
26. Qc3 a5 27. bxa6 Qxa6 28. Bxc5 bxc5 29. Re3 Rab8 30. Rxb8 Rxb8 31. Qxc5
Rb1+ 32. Ke2 e5 33. Qxe5 Qa2+ 34. Kf3 1/2-1/2

[Event "Premier Quad, S40479"]
[Site "CCLA"]
[Date "2014.12.31"]
[Round "?"]
[White "Stevens, Daniel L."]
[Black "Klimushyn, Charles"]
[Result "1-0"]
[WhiteElo "1771"]
[BlackElo "1648"]

1. c4 c5 2. Nf3 g6 3. Nc3 Bg7 4. e3 Nf6 5. Be2 d5 6. cxd5 Nxd5 7. O-O O-O 
8. Nxd5 Qxd5 9. d3 Nc6 10. Nd2 e5 11. Nc4 Rd8 12. Qb3 b6 13. Bd2 e4 14. 
dxe4 Qxe4 15. Bf3 Qe8 16. Qb5 Bb7 17. Rab1 Rab8 18. b4 Nxb4 19. Qxe8+ Rxe8
20. Bxb7 Red8 21. Bxb4 Rxb7 22. Bxc5 Rc7 23. Bxb6 axb6 24. Nxb6 Rc2 25. a4
Bc3 26. Rbc1 Rdd2 27. Rxc2 Rxc2 28. g3 Ra2 29. Rb1 Ba5 30. Kg2 Kf8 31. Nc4
Rxa4 32. Nxa5 Rxa5 33. Rb2 Ra1 34. e4 Re1 35. f3 f5 36. Kf2 Rh1 37. Ke3 
fxe4 38. fxe4 h5 39. Re2 Ke7 40. Kf4 Rf1+ 41. Kg5 Rf6 42. e5 Re6 43. h3 
Kd7 44. g4 hxg4 45. hxg4 Ke7 46. Kf4 Kf7 47. Rd2 Ke7 48. Rd6 Rxd6 49. 
exd6+ Kxd6 50. Kg5 Ke7 51. Kxg6 Kf8 52. Kh7 Kf7 53. g5 1-0

[Event "Herbert W. Gustafson Memorial Open, S47059"]
[Site "CCLA"]
[Date "2014.10.27"]
[Round "?"]
[White "Beavan, Robert"]
[Black "Carter, Maurice H."]
[Result "1/2-1/2"]
[WhiteElo "1937"]
[BlackElo "2041"]

1. c4 c5 2. g3 g6 3. Bg2 Bg7 4. Nc3 d6 5. Nf3 Nf6 6. O-O O-O 7. d3 Nbd7 8.
 Re1 Rb8 9. Rb1 a6 10. b4 b6 11. bxc5 Nxc5 12. Nd4 Bd7 13. Nc6 Bxc6 14. 
Bxc6 e6 15. Bf3 d5 16. cxd5 Nxd5 17. Nxd5 exd5 18. Ba3 d4 19. Bxc5 bxc5 
20. Rxb8 Qxb8 21. Qc2 Qd6 22. Qc4 Rb8 23. Bd5 Qd7 24. Qxc5 Bf8 25. Qc6 
Qxc6 26. Bxc6 Rb2 27. Bd5 1/2-1/2

[Event "Open Server Series, S40179"]
[Site "CCLA"]
[Date "2014.06.02"]
[Round "?"]
[White "Disque, Philip"]
[Black "Carter, Maurice H."]
[Result "0-1"]
[WhiteElo "1669"]
[BlackElo "2041"]

1. Nf3 c5 2. c4 Nc6 3. Nc3 g6 4. e3 Bg7 5. d4 cxd4 6. exd4 Nf6 7. d5 Nb8 
8. Bd3 d6 9. h3 Na6 10. O-O O-O 11. Be3 Nc5 12. Bc2 e6 13. dxe6 Bxe6 14. 
Qe2 Qa5 15. Nd4 Qb4 16. Nxe6 Nxe6 17. Rab1 Rfc8 18. Bd3 d5 19. a3 Qd6 20. 
Nb5 Qd7 21. Nxa7 Re8 22. Bb6 Nc5 23. Qc2 Nxd3 24. Qxd3 dxc4 25. Qxc4 Nd5 
26. Bd4 Bxd4 27. Qxd4 b6 28. Rbd1 Red8 29. Qxb6 Nxb6 30. Rxd7 Rxd7 0-1

[Event "Continuous Server Series, S40189"]
[Site "CCLA"]
[Date "2014.06.06"]
[Round "?"]
[White "Smith, Dan W."]
[Black "Martindale, Roger"]
[Result "1-0"]
[WhiteElo "1435"]
[BlackElo "1209"]

1. c4 e5 2. Nc3 c5 3. Nf3 Nc6 4. e3 Nf6 5. d4 exd4 6. exd4 cxd4 7. Nxd4 
Nxd4 8. Qxd4 d6 9. Be2 Be7 10. Bf4 Qb6 11. Qxb6 axb6 12. Rd1 O-O 13. a3 
Ra5 14. Bxd6 Re8 15. Bxe7 Re5 16. Bxf6 gxf6 17. Rd2 Be6 18. O-O Rg5 19. 
Kh1 f5 20. Nd5 Rd8 21. Nf6+ Kf8 22. Rxd8+ Kg7 23. Ne8+ Kh6 24. Rb8 Bd7 25.
 Rxb7 Bc6 26. Bf3 Bxb7 27. Bxb7 f4 28. Nd6 Kg7 29. Nc8 h5 30. Nxb6 h4 31. 
h3 Rg6 32. c5 Re6 33. b4 Re2 34. Nc4 Rc2 35. Ba6 f5 36. f3 Kf7 37. Re1 Kf6
38. c6 1-0

[Event "Premier Quad, S40389"]
[Site "CCLA"]
[Date "2014.11.24"]
[Round "?"]
[White "Beavan, Robert"]
[Black "Sereni, Vincent T."]
[Result "1/2-1/2"]
[WhiteElo "1937"]
[BlackElo "2118"]

1. Nf3 Nf6 2. g3 c5 3. c4 Nc6 4. Nc3 e5 5. Bg2 Be7 6. O-O O-O 7. d3 d6 8. 
a3 h6 9. Rb1 Bg4 10. Nd2 a5 11. Nde4 Nxe4 12. Bxe4 f5 13. Bg2 Bh5 14. Nd5 
Bg5 15. Bxg5 hxg5 16. b4 cxb4 17. axb4 Nd4 18. Re1 f4 19. bxa5 f3 20. exf3
Bxf3 21. Qc1 Rf7 22. Rb2 g4 23. Qe3 Rxa5 24. Reb1 Qd7 25. Nc3 Qf5 26. Ne4 
Rf8 27. Nxd6 Qh5 28. h4 gxh3 29. Bxf3 Qxf3 30. Qxf3 Nxf3+ 31. Kf1 Ra3 32. 
Rd1 b6 33. Ne4 Rd8 34. Rxb6 Raxd3 35. Rxd3 Rxd3 36. Rb1 Rd4 37. Ke2 Rxe4+ 
38. Kxf3 Rxc4 39. Rh1 g5 40. g4 Kf7 41. Rxh3 Rc3+ 42. Kg2 Rxh3 43. Kxh3 e4
44. Kg3 Ke6 45. f4 exf3 46. Kxf3 Kd5 47. Ke3 Ke5 48. Kf3 Kd4 49. Kf2 Ke4 
50. Kg3 Ke3 51. Kg2 Kf4 52. Kf1 Kf3 53. Kg1 Kxg4 54. Kg2 Kh4 55. Kh2 Kg4 
56. Kg2 Kf4 57. Kf2 Ke4 1/2-1/2

[Event "Premier Quad, S40289"]
[Site "CCLA"]
[Date "2014.09.15"]
[Round "?"]
[White "Disque, Philip"]
[Black "Sereni, Vincent T."]
[Result "0-1"]
[WhiteElo "1669"]
[BlackElo "2118"]

1. Nf3 Nf6 2. c4 c5 3. Nc3 Nc6 4. g3 e5 5. Bg2 Be7 6. O-O O-O 7. d3 d6 8. 
Bg5 Bg4 9. a3 h6 10. Bxf6 Bxf6 11. Nd5 Re8 12. Nd2 Rb8 13. Ne4 Be7 14. Re1
Nd4 15. f3 Bf5 16. e3 Ne6 17. Nec3 Nc7 18. Nxc7 Qxc7 19. Nd5 Qd7 20. b4 
Be6 21. f4 Bxd5 22. Bxd5 exf4 23. gxf4 Bh4 24. Re2 b5 25. Rb1 a6 26. Kh1 
Qf5 27. Qd2 bxc4 28. Bxc4 d5 29. e4 dxe4 30. dxe4 Rxe4 31. Bd3 Rxe2 32. 
Qxe2 Qxf4 33. Rf1 Qc7 34. Rc1 Qc6+ 35. Be4 Qa4 36. Rxc5 Qxa3 37. Qc4 Qa1+ 
38. Kg2 Qb2+ 39. Kh3 Be7 40. Rc8+ Rxc8 41. Qxc8+ Bf8 42. Qxa6 Qxb4 43. Qa8
Qc3+ 44. Kg2 g6 45. Qd5 Qb2+ 46. Kh3 Qf6 47. Bf3 Bd6 48. Qe4 Kg7 49. Qb7 
Qe5 50. Kg2 Qxh2+ 51. Kf1 Bc5 52. Ke1 Qf2+ 53. Kd1 Bb4 54. Kc1 Bc3 55. Kb1
h5 56. Bd5 h4 57. Qb3 Qe1+ 58. Kc2 Qd2+ 59. Kb1 Be5 60. Bxf7 Qe1+ 61. Kc2 
Qf2+ 0-1

[Event "Premier Quad, S40369"]
[Site "CCLA"]
[Date "2014.11.03"]
[Round "?"]
[White "Disque, Philip"]
[Black "Sereni, Vincent T."]
[Result "0-1"]
[WhiteElo "1669"]
[BlackElo "2118"]

1. Nf3 Nf6 2. c4 c5 3. Nc3 Nc6 4. g3 e5 5. Bg2 Be7 6. O-O O-O 7. d3 d6 8. 
Bg5 Be6 9. a3 Qd7 10. Bxf6 Bxf6 11. Rb1 a6 12. b4 cxb4 13. axb4 Rfb8 14. 
Nd5 Bd8 15. b5 Ne7 16. Qb3 Nxd5 17. cxd5 Bg4 18. Rfe1 Qxb5 19. h3 Qxb3 20.
 Rxb3 Bd7 21. Ra1 a5 22. Nd2 b5 23. Ne4 a4 24. Rc3 b4 25. Rcc1 b3 26. Nxd6
b2 27. Nc4 a3 28. Nxe5 bxc1=Q+ 29. Rxc1 a2 30. Nxd7 Rb1 0-1

[Event "Open Server Series, S40089"]
[Site "CCLA"]
[Date "2014.03.24"]
[Round "?"]
[White "Beavan, Robert"]
[Black "Buss, Michael D."]
[Result "0-1"]
[WhiteElo "1937"]
[BlackElo "2349"]

1. c4 g6 2. g3 Bg7 3. Bg2 c5 4. Nc3 Nc6 5. a3 d6 6. Rb1 a5 7. Nf3 Nf6 8. 
O-O O-O 9. d3 Ne8 10. Re1 Rb8 11. Nd5 Be6 12. Ng5 Bd7 13. Ne4 b5 14. cxb5 
Rxb5 15. Bg5 h6 16. Nec3 Rb8 17. Bd2 e6 18. Ne3 Nd4 19. Nc2 Nb3 20. e4 Nc7
21. Ne3 Bc6 22. Nc4 a4 23. Be3 d5 0-1

[Event "NA Master/Expert Server Championship, S40099"]
[Site "CCLA"]
[Date "2014.04.30"]
[Round "?"]
[White "Carter, Maurice H."]
[Black "Cross, Gregory W."]
[Result "0-1"]
[WhiteElo "2043"]
[BlackElo "2207"]

1. c4 c5 2. Nc3 Nc6 3. g3 g6 4. Bg2 Bg7 5. e4 e6 6. d3 Nge7 7. Nge2 O-O 8.
 O-O d6 9. Bg5 h6 10. Bf4 Nd4 11. Qd2 Kh7 12. Rab1 Nec6 13. Rfd1 e5 14. 
Be3 Bg4 15. Bxd4 cxd4 16. Nd5 Ne7 17. f3 Nxd5 18. cxd5 Bd7 19. Rbc1 Qb6 
20. f4 Rac8 21. Rf1 Rxc1 22. Nxc1 exf4 23. gxf4 Rc8 24. f5 Qd8 25. fxg6+ 
fxg6 26. Nb3 b6 27. Rf3 g5 28. Rf1 Be5 29. Qf2 Qh8 30. Bf3 Qf6 31. Bd1 
Qxf2+ 32. Rxf2 Bh3 33. Rf3 g4 34. Rf2 h5 35. Be2 Bg7 36. Rf5 Rc2 37. Bf1 
Bxf1 38. Rxf1 Bh6 39. Rf7+ Kh8 40. Kh1 Be3 0-1

[Event "NA Class D Server Championship, S40139"]
[Site "CCLA"]
[Date "2014.04.30"]
[Round "?"]
[White "Simonson, Jay"]
[Black "Anderson, Lawrence D."]
[Result "0-1"]
[WhiteElo "1364"]
[BlackElo "1365"]

1. Nf3 c5 2. c4 Nc6 3. Nc3 g6 4. g3 Bg7 5. Bg2 e6 6. d4 cxd4 7. Nb5 d5 8. 
cxd5 exd5 9. Bf4 Qa5+ 10. Qd2 Qxb5 11. Bd6 Nge7 12. Bxe7 Kxe7 13. O-O Re8 
14. Ng5 Bh6 15. Qf4 Bxg5 16. Qxg5+ Kf8 17. Bxd5 Be6 18. Qh6+ Kg8 19. Bxc6 
Qxc6 20. Qd2 Rad8 21. e4 dxe3 22. Qc3 Qxc3 23. bxc3 e2 24. Rfe1 Rd2 25. f3
Bc4 26. a3 Red8 27. Kf2 Rd1 28. Ke3 Rxa1 29. Rxe2 Bxe2 30. Kxe2 Rxa3 31. 
h4 Rxc3 32. g4 Rdd3 0-1

[Event "Open Server Series, S40179"]
[Site "CCLA"]
[Date "2014.06.02"]
[Round "?"]
[White "Carter, Maurice H."]
[Black "Stidham, Douglas W."]
[Result "1-0"]
[WhiteElo "2041"]
[BlackElo "1825"]

1. c4 g6 2. Nc3 Bg7 3. g3 c5 4. Bg2 Nc6 5. d3 e6 6. Nf3 Nge7 7. O-O O-O 8.
 Bd2 b6 9. Qc1 Bb7 10. Bg5 d5 11. Bh6 Nf5 12. Bxg7 Kxg7 13. cxd5 exd5 14. 
Re1 d4 15. Ne4 Re8 16. a3 Na5 17. Rb1 Rc8 18. Nfd2 Bd5 19. Qd1 Qd7 20. b4 
cxb4 21. axb4 Nb7 22. Ra1 a5 23. bxa5 Nxa5 24. Qb1 Re6 25. Ng5 Rec6 26. 
Qb2 Bxg2 27. Kxg2 h6 28. Ngf3 f6 29. Ne4 Qd5 30. Ra4 Rd8 31. g4 Nc4 32. 
Ra7+ 1-0

[Event " NA Class A Server Championship, S40109"]
[Site "CCLA"]
[Date "2014.04.30"]
[Round "?"]
[White "Sereni, Vincent T."]
[Black "Calkins, Donn"]
[Result "1-0"]
[WhiteElo "2118"]
[BlackElo "1938"]

1. d4 c6 2. Nf3 d6 3. e4 Bg4 4. Nc3 Nd7 5. Be3 e6 6. h3 Bxf3 7. Qxf3 d5 8.
 Bd3 dxe4 9. Nxe4 Ngf6 10. O-O Nxe4 11. Bxe4 Bd6 12. c4 O-O 13. Rad1 Qe7 
14. Bd2 Nf6 15. Bc2 Rfd8 16. a3 a5 17. Bc3 Qc7 18. d5 cxd5 19. cxd5 Nxd5 
20. Rxd5 Bh2+ 21. Kh1 Rxd5 22. g3 Bxg3 23. fxg3 Rg5 24. g4 Rd8 25. h4 Rc5 
26. g5 b6 27. Kg2 Qd7 28. Rf2 Qc7 29. Kh3 Rdd5 30. Be4 Rd6 31. Rc2 Qd7 32.
 b4 Rc4 33. bxa5 bxa5 34. Rb2 f6 35. Rb7 Rc7 36. Rxc7 1-0

[Event "Premier Quad, S40319"]
[Site "CCLA"]
[Date "2014.09.26"]
[Round "?"]
[White "Shannon, Paul D."]
[Black "Beavan, Robert"]
[Result "1/2-1/2"]
[WhiteElo "1832"]
[BlackElo "1937"]

1. d4 c6 2. e3 d5 3. Bd3 Nf6 4. f4 Bg4 5. Nf3 e6 6. O-O Nbd7 7. Nbd2 Be7 
8. Qe1 O-O 9. c3 c5 10. Ne5 Bf5 11. b3 Bxd3 12. Nxd3 Ne4 13. Bb2 cxd4 14. 
exd4 f5 15. Nf3 Rc8 16. Nde5 Nxe5 17. Nxe5 Qc7 18. c4 dxc4 19. Nxc4 b5 20.
 Ne3 Rfd8 21. Rc1 1/2-1/2

[Event "NA Class D Server Championship, S40139"]
[Site "CCLA"]
[Date "2014.04.30"]
[Round "?"]
[White "Hodgkins, Neil C."]
[Black "Simonson, Jay"]
[Result "1-0"]
[WhiteElo "1419"]
[BlackElo "1364"]

1. d4 b5 2. e4 Bb7 3. Bd3 e6 4. Nf3 c5 5. Bxb5 Qa5+ 6. Nc3 cxd4 7. Nxd4 
Bxe4 8. O-O Bc5 9. Nxe4 Bxd4 10. Nd6+ Ke7 11. Qxd4 Qb6 12. Qxb6 axb6 13. 
Bf4 Nc6 14. a4 Nd4 15. c3 Ne2+ 16. Bxe2 Nf6 17. Bb5 Nd5 18. Bg3 f6 19. 
Rfe1 e5 20. Nf5+ Kf7 21. Bxd7 Ra7 22. Bc6 Ke6 23. Ne3 Nxe3 24. Rxe3 Rc7 
25. Bb5 Rc5 26. Rd1 Kf5 27. Bd7+ Kg5 28. h4+ Kh5 29. Bb5 Rc7 30. Be2+ Kg6 
31. Rd6 Rb7 32. Rxe5 Ra8 33. Bh5+ 1-0

[Event "Herbert W. Gustafson Memorial Open, S47029"]
[Site "CCLA"]
[Date "2014.10.27"]
[Round "?"]
[White "Vlasov, Andrey"]
[Black "O'Sullivan, Rory"]
[Result "1-0"]
[WhiteElo "2226"]
[BlackElo "2227"]

1. d4 b6 2. c4 Bb7 3. Nc3 e6 4. a3 Nf6 5. d5 Bd6 6. Nf3 O-O 7. e4 exd5 8. 
exd5 c6 9. Be2 Re8 10. O-O Na6 11. Bg5 h6 12. Bh4 Nc5 13. b4 Nce4 14. Nxe4
Rxe4 15. dxc6 dxc6 16. c5 bxc5 17. bxc5 Bxc5 18. Qc2 Bb6 19. Qxe4 Nxe4 20.
 Bxd8 Rxd8 21. a4 c5 22. a5 Bc7 23. Rfd1 Bd6 24. Rac1 Bc8 25. Ne5 f6 26. 
Bc4+ Kf8 27. Ng6+ Ke8 28. Re1 Bf5 29. Nh4 Bg4 30. Rxe4+ 1-0

[Event "Herbert W. Gustafson Memorial, S47139"]
[Site "CCLA"]
[Date "2014.10.27"]
[Round "?"]
[White "Sanchez, David A."]
[Black "Nolan, Robert"]
[Result "0-1"]
[WhiteElo "1471"]
[BlackElo "1511"]

1. d4 e6 2. c4 b6 3. Nf3 Bb7 4. a3 f5 5. Bf4 Nf6 6. Nc3 Be7 7. Nb5 d6 8. 
c5 bxc5 9. dxc5 e5 10. cxd6 cxd6 11. Nxd6+ Bxd6 12. Bxe5 Bxe5 13. Qxd8+ 
Kxd8 14. Nxe5 Ke7 15. Rc1 Nbd7 16. Rc7 Bd5 17. Nxd7 Nxd7 18. e3 Rhc8 19. 
Rxc8 Rxc8 20. Kd2 Nc5 21. Bd3 Nxd3 22. Kxd3 Bxg2 23. Rd1 Rd8+ 24. Kc2 Rxd1
25. Kxd1 Kd6 0-1

[Event "Premier Quad, S40259"]
[Site "CCLA"]
[Date "2014.08.18"]
[Round "?"]
[White "Capuzzi, Gabriele"]
[Black "Catania, Duane"]
[Result "0-1"]
[WhiteElo "1775"]
[BlackElo "1774"]

1. d4 e6 2. c4 b6 3. a3 Bb7 4. Nc3 g6 5. e4 Bg7 6. Be3 Ne7 7. Qd2 Nbc6 8. 
Nf3 O-O 9. Bd3 f5 10. e5 Na5 11. Qc2 f4 12. Bd2 Bxf3 13. gxf3 Nac6 14. Ne2
Nf5 15. Bxf5 Rxf5 16. O-O-O Qh4 17. Rdf1 Raf8 18. Qd3 Nd8 19. Nc3 a6 20. 
Ne4 Nf7 21. Bc3 Ng5 22. Qe2 Qh3 23. Nd2 Rb8 24. Kc2 Rff8 25. Rfg1 Bh6 26. 
Rg4 c5 27. Rhg1 cxd4 28. Bxd4 Qh5 29. h4 Nf7 30. Ne4 Qf5 31. Kc3 Bg7 32. 
Qd2 Bxe5 33. Rh1 d5 34. cxd5 exd5 35. Ng5 Bxd4+ 36. Qxd4 Rbc8+ 37. Kb3 
Nxg5 38. Rxg5 Qc2+ 39. Ka2 Qc4+ 40. Qxc4 dxc4 41. h5 Rf6 42. hxg6 hxg6 43.
 Rc1 Kg7 44. a4 Rd6 45. Rc3 Kf6 46. Rg1 Rd3 47. Rgc1 Rxc3 48. Rxc3 Ke5 49.
 Ka3 Kd4 50. Kb4 g5 51. Ra3 Rc5 52. Rc3 a5+ 53. Ka3 Re5 54. Rc2 Kd3 55. 
Rc3+ Ke2 56. Rxc4 Kxf2 57. Re4 Rd5 58. b4 Kxf3 59. bxa5 bxa5 0-1